000 00753nam a2200205Ia 4500
003 GCL
008 140319s9999 xx 000 0 ara d
040 _aGCL /
_cGCL
082 0 4 _a613.7
_bم د
100 1 _aمحمد ابراهيم شحاتة
245 1 0 _aدليل القياسات الجسمية واختبارات الاداء الحركى /
_cمحمد ابراهيم شحاتة
700 1 _aمحمد جابر بريقع
300 _a155 ص
490 _aالهيئة العامة للاستعلامات
_v0
650 0 4 _aالتربية البدنية
650 0 4 _aاللياقة البدنية
650 0 4 _aاختبارات اللياقة البدنية
650 0 4 _aالتربية البدنية - اختبارات
942 _2ddc
_cBK
999 _c48010
_d48010